000 00497nam a2200193 a 4500
001 1767860136029
003 YourLibrary
005 20260108150647.0
008 260108s2008##################000#0#eng##
020 _a9780745642192
082 0 4 _a301
_bWAG
100 1 _aWagner, Peter,
_eauthor.
245 1 0 _aModernity as Experience and Interpretation :
260 _bPolity,
_c2008.
300 _a319 pages
650 0 _aHistory.
942 _cENGLISH
040 _aYourLibrary
_beng
_cYourLibrary
999 _c607884
_d607884